000 00558nam a2200229Ia 4500
003 OSt
005 20220918184617.0
006 a|||||r|||| 00| 0
007 ta
008 220917b |||||||| |||| 00| 0 eng d
024 _a47,320
037 _cTextual
040 _aARTS
_cARTS
_beng
041 _2eng
_aeng
082 _aO9N, H9
100 _aSackville West Edward
_966184
245 0 _aInclinations
260 _c1949
650 _aENGLISH LITERATURE
942 _hO9N, H9
_cTEXL
_2CC
999 _c177179
_d177179